Lenguaje II: educación media
Guardado en:
| Autores principales: | , , |
|---|---|
| Formato: | Libro |
| Lenguaje: | español |
| Publicado: |
Santiago
Santillana
2000
|
| Materias: | |
| Etiquetas: |
Agregar Etiqueta
Sin Etiquetas, Sea el primero en etiquetar este registro!
|
MARC
| LEADER | 00000nam a2200000 a 4500 | ||
|---|---|---|---|
| 001 | UCH4320 | ||
| 003 | CL-VaPUC | ||
| 008 | 090818e20000000CL |||||||||||||||||spa|d | ||
| 020 | |a 9561505347 | ||
| 082 | 0 | 4 | |a 372.6 |b MOR |2 21 |
| 100 | |a Moraga Espinosa, María Luz |e autora |9 544891 | ||
| 700 | 0 | |a Romero, María Verónica |e author |9 539828 | |
| 700 | 0 | |a Unda Drinberg, Viviana |e author |9 539829 | |
| 245 | 1 | 0 | |a Lenguaje II: educación media |
| 300 | |a 237 p | ||
| 942 | |c BK | ||
| 945 | |d 20090818 00:00:00 |a lazolas | ||
| 260 | |a Santiago |b Santillana |c 2000 | ||
| 500 | |a Segundo año de educación media | ||
| 650 | 0 | |a Español |9 255372 | |
| 650 | 0 | |a Enseñanza del español |9 339826 | |
| 650 | 0 | |a Comunicación |9 257251 | |
| 650 | 0 | |a Ortografía |9 309144 | |
| 650 | 0 | |a Escritura |9 264941 | |
| 650 | 0 | |a Gramática |9 270497 | |
| 650 | 0 | |a Sintaxis |9 318843 | |
| 650 | 0 | |a Lingüística |9 265068 | |
| 650 | 7 | |a LIBROS DE TEXTOS |2 CL-VaPUC |9 539830 | |
| 583 | |a last modification |c 20090818 00:00:00 |k Rodrigo Vera | ||
| 999 | |c 335652 |d 335650 | ||